000 00345nam a22001217a 4500
999 _c509667
_d509667
082 _aL1x5451 1970-71
100 _aGovernment of Andhra Pradesh
_95772
245 _aBudget, Andhra Pradesh, 1970-71
260 _aHyderabad
_bGovernment of Andhra Pradesh
_c1971
300 _av.p.
650 _aBudget - India - Andhra Pradesh
_95773
942 _2ddc